Rhetoric & public affairs R & PA.

Bibliographic Details
Format: Electronic Journal
Language:English
Published: East Lansing, MI : Michigan State University Press, ©1998-
Subjects:
Online Access:Full text available from Research Library: 04/01/2004 to 10/31/2011

MARC

LEADER 00000nas a2200000 a 4500
001 ssj0000858
003 WaSeSS
005 20200512172242.0
006 m d
007 cr n
008 010329c19989999miuqr p s 0 a0eng c
010 |a  2001214679 
016 7 |a 2058710 7  |2 DE-600 
022 |a 1534-5238  |y 1094-8392 
035 |a (WaSeSS)ssj0000858 
037 |b Project Muse, 2715 N. Charles St., Baltimore, MD 21218-4363 
040 |a NSD  |b eng  |c NSD  |d MYG  |d TJC  |d OCLCQ  |d WAU  |d OCLCQ  |d DLC  |d MUQ  |d OCLCQ  |d DLC  |d EYM  |d CUD  |d VT2  |d OCLCF  |d OCLCQ  |d GILDS  |d AU@  |d DCHUA  |d OCLCO  |d TKN  |d OCLCO  |d WaSeSS 
042 |a pcc  |a nsdp 
050 1 4 |a P301.5.P67 
130 0 |a Rhetoric & public affairs (Online) 
210 0 |a Rhetor. public aff.  |b (Online) 
222 0 |a Rhetoric & public affairs  |b (Online) 
245 1 0 |a Rhetoric & public affairs  |h [electronic resource] :  |b R & PA. 
246 3 |a Rhetoric and public affairs 
246 3 0 |a R & PA 
260 |a East Lansing, MI :  |b Michigan State University Press,  |c ©1998- 
310 |a Quarterly 
362 1 |a Print began with vol. 1, no. 1 (spring 1998). 
506 |a License restrictions may limit access. 
538 |a Mode of access: World Wide Web. 
588 |a Description based on: Vol. 1, no. 1 (spring 1998); title from PDF cover (JSTOR, viewed Dec. 20, 2013). 
588 |a Latest issue consulted: Vol. 16, no. 3 (fall 2013) (JSTOR, viewed Dec. 20, 2013). 
650 0 |a Rhetoric  |x Political aspects  |v Periodicals. 
650 6 |a Discours politique  |v Périodiques. 
650 7 |a Rhetoric  |x Political aspects.  |2 fast  |0 (OCoLC)fst01096959 
655 0 |a Electronic journals. 
776 0 8 |i Print version:  |t Rhetoric & public affairs  |x 1094-8392  |w (DLC)sn 97000738  |w (OCoLC)37365143 
856 4 0 |z Full text available from Research Library: 04/01/2004 to 10/31/2011  |u https://search.proquest.com/publication/28231